| 000 | 00403nam a2200145Ia 4500 | ||
|---|---|---|---|
| 999 |
_c7096 _d7096 |
||
| 008 | 201217s9999 xx 000 0 und d | ||
| 020 | _a0060405198 | ||
| 100 |
_aBartee, Thomas C. _92386 |
||
| 245 | 0 |
_aBasic computer programming / _cby Thomas C. Bartee. |
|
| 250 | _a2nd ed. | ||
| 260 |
_aNew York _bHarper & Row Publishers _c1985 |
||
| 300 | _a368p. | ||
| 650 | 0 | _aComputer programming | |
| 942 |
_cBK _2ddc |
||